000 00503nam a22001697a 4500
005 20251108172305.0
008 250721s1994 xx 000 0 ara d
082 1 4 _a614.85/حسا
100 1 _aزيدان، حسان
245 1 0 _aالسلامة و الصحة المهنية /
264 1 _aعمان :
_bدار الفكر النشر و التوزيع،
_c1994.
300 _a204ص
650 1 7 _aالأمن الصناعي
650 1 7 _aأصابات العمل
942 _2ddc
_cBK
999 _c75300
_d75300